000 00477nam a2200169Ia 4500
008 240729s9999 xx 000 0 und d
022 _a1929-0748
245 0 _aJMIR Research Protocols
260 _aCanada
260 _bJMIR Publications
650 _a Computer applications to medicine. Medical informatics
650 _a Medicine (General)
650 _aMedicine
856 _uhttps://doaj.org/toc/354442a2e8434dd7b3446ce887c76e3f
942 _2ddc
942 _cDOAJEJ
999 _c71817
_d71817
945 _a1
_bMadushi Gamage
_c1
_dMadushi Gamage